00516nam a2200193 a 4500001001300000003000900013005001700022008004100039020000900080082001800089100002300107245003300130260006200163300000900225500003500234505001000269650002000279700002300299nice12345678IN_TiNIC20260116011749.0050524s1966 hyda grp 000 0 urd  ac1000a305.6297bABD aAbdul Lateef, Syed aMubadiyat-E-Tahzeeb-E-Islami aHyderabadbInst.Of Indo-Middle East Cultural Studiec1966 a109p aincludes index and biblioraphy2 aIndex aIslamic-Culture1 aAbdul Lateef, Syed